| 000 | 01708pam a22004091i 4500 | ||
|---|---|---|---|
| 999 |
_c1621 _d1621 |
||
| 001 | 020282672 | ||
| 003 | Uk | ||
| 005 | 20230116111424.0 | ||
| 006 | m || d | | ||
| 007 | cr ||||||||||| | ||
| 008 | 210628s2021 enka jo 000|f|eng|d | ||
| 015 |
_aGBC1C7560 _2bnb |
||
| 020 | _a9780008334253 | ||
| 037 |
_auk.co.harpercollins.190486 _bIngram Content Group |
||
| 040 |
_aStDuBDS _beng _cStDuBDS _dUk _dKH8 _erda _epn |
||
| 042 | _aukblsr | ||
| 082 | 0 | 4 |
_a823.92 BAD _223 |
| 100 | 1 |
_aBaddiel, David, _eauthor. |
|
| 245 | 1 | 4 |
_aThe boy who got accidentally famous / _cDavid Baddiel ; illustrated by Steven Lenton. |
| 264 | 1 |
_aLondon : _bHarperCollins Children's Books, _c2021. |
|
| 300 |
_a 286 pages : _billustrations ; _c23 cm |
||
| 336 |
_atext _2rdacontent |
||
| 336 |
_astill image _2rdacontent |
||
| 337 |
_acomputer _2rdamedia |
||
| 338 |
_aonline resource _2rdacarrier |
||
| 588 | _aDescription based on CIP data; resource not viewed. | ||
| 650 | 7 |
_aJUVENILE FICTION / Performing Arts / Television & Radio _2bisacsh |
|
| 650 | 7 |
_aJUVENILE FICTION / School & Education _2bisacsh |
|
| 650 | 7 |
_aJUVENILE FICTION / Action & Adventure / General _2bisacsh |
|
| 650 | 7 |
_aJUVENILE FICTION / Social Themes / Friendship _2bisacsh |
|
| 650 | 7 |
_aChildren’s, young adult and educational / Children’s and young adult fiction and true stories / Adventure stories (Children’s/YA) _2bicssc |
|
| 650 | 7 |
_aChildren’s, young adult and educational / Children’s and young adult fiction and true stories / School stories (Children’s/YA) _2bicssc |
|
| 655 | 0 | _aChildren's stories. | |
| 700 | 1 |
_aLenton, Steven, _eillustrator. |
|
| 776 | 0 | 8 |
_iPrint version : _z9780008334253 |
| 942 |
_2ddc _cNFIC |
||